Central Library, Doon University
WEBOPAC (ONLINE PUBLIC ACCESS CATALOGUE)

Bioinformatics (Record no. 60318)

MARC details
000 -LEADER
fixed length control field 00490nam a22001937a 4500
005 - DATE & TIME
control field 20260210160634.0
008 - FIXED-LENGTH DATA ELEMENTS--GENERAL INFORMATION
fixed length control field 260210b |||||||| |||| 00| 0 eng d
020 ## - ISBN
International Standard Book Number 9788123912417
Price 1595.00
040 ## - CATALOGING SOURCE
Original cataloging agency Doon University
041 ## - Language
Language English
082 ## - DDC NUMBER
Classification number 570.285
Book Number MOU
100 ## - MAIN ENTRY--PERSONAL NAME
Personal name Mount, David W.
245 ## - TITLE STATEMENT
Title Bioinformatics
Sub Title : Sequence and Genome Analysis
250 ## - EDITION STATEMENT
Edition statement 2nd
260 ## - PUBLICATION, DISTRIBUTION, ETC. (IMPRINT)
Place of publication, distribution, etc New Delhi
Name of publisher, distributor, etc CBS
Date of publication, distribution, etc 2005
300 ## - PHYSICAL DESCRIPTION
Pages 692
650 ## - Subject
Subject Biological Science
942 ## - ADDED ENTRY ELEMENTS (KOHA)
Koha item type Books
100 ## - MAIN ENTRY--PERSONAL NAME
-- 26271
650 ## - Subject
-- 14046
952 ## - LOCATION AND ITEM INFORMATION (KOHA)
-- 2026-02-10
Holdings
Withdrawn status Lost status Source of classification or shelving scheme Damaged status Not for loan Location (home branch) Sublocation or collection (holding branch) Date acquired Koha issues (times borrowed) Koha full call number Accession No. Koha date last seen Koha item type
          Doon University Doon University 10.02.2026   570.285 MOU 52590 10.02.2026 Books
Contact : +91-135-2533126 (Library),+91-135-2533105 (Admin Office) , Email : doonlibrary@gmail.com

Powered by Koha